000 01480cam a22003131i 4500
003 SA-RiAUC
005 20241023145435.0
008 240908s1997 le g b 00000 ara c
020 _a9786144371398
040 _aSA-RiAUC
_bara
_cSA-RiAUC
_erda
050 0 0 _bB32. 1997
082 0 4 _a258.4
_qSA-RiAUC
090 _a258.4
_bب ع ل
100 1 _aالبعلي، عبد الرحمن بن عبد الله بن أحمد،
_d1110-1192 هجري
_eمؤلف.
245 1 0 _aبداية العابد وكفاية الزاهد في الفقه على مذهب الإمام أحمد بن حنبل /
_cعبد الرحمن بن عبد الله بن أحمد البعلي الخلوتي الحنبلي ؛ حققه وقدم له محمد بن ناصر العجمي.
246 3 0 _aمذهب الإمام أحمد بن حنبل
250 _aالطبعة الأولى.
264 1 _aبيروت :
_bدار البشائر الإسلامية للطباعة والنشر والتوزيع،
_c1997
300 _a127 صفحة ؛
_c24 سم
336 _aنص
_btxt
_2rdacontent
_3كتاب
337 _aبدون وسيط
_bn
_2rdamedia
338 _aمجلد
_bnc
_2rdacarrier
504 _aيشتمل على إرجاعات ببليوجرافية.
650 7 _aالفقه الحنبلي
_2aucsh
650 7 _aالفقه الإسلامي
_xمذاهب
_2aucsh
700 1 _aالعجمي، محمد بن ناصر
_eمحقق.
942 _2ddc
_cBOOK
949 _aSA-JeALM
_d240908
_umohamedma123
_n1
999 _c106
_d106